| 000 | 01224nam0a22002651i 4500 | ||
|---|---|---|---|
| 001 | rc\959139 | ||
| 005 | 20240921104730.0 | ||
| 021 |
_aRU _b[82-2627а] |
||
| 035 | _a(NLR Aleph) 006129614 | ||
| 090 |
_a5547416 _c5547416 |
||
| 100 | _a20041129d1982 k y0rusy50 ca | ||
| 101 | 0 | _arus | |
| 102 | _aRU | ||
| 105 | _ay dm||||||| | ||
| 200 | 1 |
_aПроблемы повышения эффективности использования рабочей силы _e(на примере Бурятской АССР) _eавтореферат диссертации на соискание ученой степени кандидат экономических наук _e(08.00.01) _fСанданова Светлана Борисовна _gМоск. гос. пед. ин-т им. В.И. Ленина, Специализир. совет К.113.08.17 |
|
| 210 |
_aМосква _d1982 |
||
| 215 | _a16 с. | ||
| 606 | 1 |
_aРабочая сила _xИспользование _92446228 _3RU\NLR\AUTH\6601672541 |
|
| 686 | 1 | _aУ011.777.4 | |
| 700 | 1 |
_aСанданова _bС. Б. _gСветлана Борисовна |
|
| 801 | 0 |
_aRU _bNLR _gpsbo |
|
| 801 | 1 |
_aRU _bELAR _2rusmarc |
|
| 852 |
_aNLR _j82-4/28292 |
||
| 942 | _cBOOK | ||